000 00652cam a2200229 4500
001 J3230
008 090401t1982 xxu||||| |||| 00| 0 eng d
035 _a(Sirsi) u53803
041 _aeng
050 _a333.33026
110 _aNational Association of Estate Agents
_9886
245 4 _aThe Estate Agents Act 1979: guidance notes.
260 _aWarwick
_bNational Association of Estate Agents
_c1982
300 _a1v.(loose-leaf) ; 23cm.
350 _a0
650 _aESTATE AGENCY
650 _aESTATE AGENTS ACT 1979
650 _aLAW
690 _aMANAGEMENT-BUSINESS MANAGEMENT-PROFESSIONAL PRACTICE
942 _n0
948 _c04/03/1997
999 _c93340
_d93340